[Event "Arad op 9th"]
[Site "Arad"]
[Date "2016.08.08"]
[Round "4"]
[White "Sandru, Nicolae"]
[Black "Kozhuharov, Spas"]
[Result "0-1"]
[WhiteElo "1850"]
[BlackElo "2457"]
[PlyCount "80"]
[EventDate "2016.08.06"]
[EventType "swiss"]
[EventRounds "9"]
[EventCountry "ROU"]
[SourceTitle "CBM 173 Extra"]
[Source "ChessBase"]
[SourceDate "2016.08.29"]
[SourceVersion "1"]
[SourceVersionDate "2016.08.29"]
[SourceQuality "1"]

1. d4 Nf6 2. Nf3 g6 3. Bf4 Bg7 4. e3 d6 5. h3 0-0 6. Be2 Nbd7 7. 0-0 c5 8. c3 b6 9. Nbd2 Bb7 10. Rc1 a6 11. a3 Rc8 12. b4 Nd5 13. Bh2 cxb4 14. cxb4 Nc3 15. Qe1 Nxe2+ 16. Qxe2 b5 17. Qd3 Qb6 18. Qb3 Nf6 19. Qb2 a5 20. Rfe1 axb4 21. axb4 e6 22. Rxc8 Rxc8 23. Rc1 Rxc1+ 24. Qxc1 Bf8 25. Qc2 Nd5 26. Qb3 Qc6 27. Qa3 Be7 28. Bg3 h6 29. Kh2 g5 30. Ne1 Qc3 31. Qxc3 Nxc3 32. Nd3 Ne4 33. Nf1 Bd5 34. f3 Nxg3 35. Nxg3 Bc4 36. Nb2 d5 37. Nxc4 dxc4 38. Kg1 c3 39. Kf1 c2 40. Ne2 Bxb4 0-1

[Event "Arad op 9th"]
[Site "Arad"]
[Date "2016.08.07"]
[Round "3"]
[White "Craciun, Bianca"]
[Black "Sandru, Nicolae"]
[Result "0-1"]
[WhiteElo "1633"]
[BlackElo "1850"]
[PlyCount "100"]
[EventDate "2016.08.06"]
[EventType "swiss"]
[EventRounds "9"]
[EventCountry "ROU"]
[SourceTitle "CBM 173 Extra"]
[Source "ChessBase"]
[SourceDate "2016.08.29"]
[SourceVersion "1"]
[SourceVersionDate "2016.08.29"]
[SourceQuality "1"]

1. c4 Nf6 2. Nf3 e6 3. g3 c6 4. Bg2 d5 5. 0-0 Nbd7 6. b3 Be7 7. Bb2 0-0 8. Na3 Re8 9. Nc2 Bf8 10. cxd5 exd5 11. d3 Ng4 12. h3 Nge5 13. Nxe5 Nxe5 14. f4 Nd7 15. e4 Nb6 16. e5 Bc5+ 17. d4 Bf8 18. Ne3 g6 19. f5 Bh6 20. Ng4 Bg7 21. f6 Bf8 22. Bc1 Be6 23. Nh6+ Kh8 24. Bg5 Qd7 25. Kh2 c5 26. dxc5 Bxc5 27. Qd2 Red8 28. Qf4 Bf8 29. Qh4 Qe8 30. Ng4 Rac8 31. Bh6 Bxg4 32. hxg4 Bxh6 33. Qxh6 Qf8 34. Qh4 Re8 35. Rae1 Rc2 36. e6 Rc7 37. e7 Qg8 38. Rh1 g5 39. Qh5 Nd7 40. Qh6 Rc6 41. Ref1 Rxe7 42. Bxd5 Rd6 43. Bc4 b5 44. Bxb5 Ne5 45. Qh5 Ree6 46. Kg2 Rxf6 47. Rxf6 Rxf6 48. Rf1 Qa8+ 49. Kh2 Rh6 50. Qxh6 Nxg4+ 0-1

[Event "Tirgu Mures Cup III-A "]
[Site "Tirgu Mures"]
[Date "2008.02.05"]
[Round "7"]
[White "Anusca, Madalina Maria"]
[Black "Sandru, Nicolae"]
[Result "1-0"]
[WhiteElo "1973"]
[BlackElo "1878"]
[PlyCount "70"]
[EventDate "2008.02.02"]
[EventType "swiss"]
[EventRounds "7"]
[EventCountry "ROU"]
[SourceTitle "EXT 2010"]
[Source "ChessBase"]
[SourceDate "2010.11.25"]
[SourceVersion "1"]
[SourceVersionDate "2010.11.25"]
[SourceQuality "1"]

1. e4 e5 2. d4 exd4 3. Qxd4 Nc6 4. Qe3 d6 5. Nc3 Nf6 6. Qd3 Be6 7. Bd2 a6 8. 0-0-0 Qe7 9. Nge2 0-0-0 10. Nf4 g6 11. Nfd5 Bxd5 12. Nxd5 Nxd5 13. exd5 Na7 14. Qh3+ Kb8 15. Qb3 Ka8 16. Be3 Rb8 17. Qa4 Bg7 18. Rd3 Qe8 19. Ra3 Qxa4 20. Rxa4 c6 21. g4 Rbe8 22. a3 Nc8 23. Rf4 Rhf8 24. c4 f6 25. g5 h5 26. gxf6 Rxf6 27. Rxf6 Bxf6 28. Bd3 Ne7 29. Bf4 Rd8 30. Bg3 Kb8 31. Re1 g5 32. Re6 Ng8 33. Bxd6+ Ka8 34. Rxf6 Nxf6 35. Be7 Re8 1-0